| 000 | 00452nam a2200193Ia 4500 | ||
|---|---|---|---|
| 003 | OSt | ||
| 005 | 20260505154817.0 | ||
| 008 | 250729s1992 xx 000 0 und d | ||
| 020 | _a9788128012358 | ||
| 040 | _cAL | ||
| 041 | _akan | ||
| 082 | _a494.50 BALA | ||
| 100 |
_aBelooru Rama Murthy _9231065 |
||
| 245 | _aAbhishapa | ||
| 260 |
_aBangalore _bSwapna Book House _c1992 |
||
| 300 | _a146p | ||
| 650 |
_aKannada _9231066 |
||
| 942 |
_2ddc _cBED |
||
| 999 |
_c239095 _d239095 |
||